[Event "Mecklenburg VP Verbandsliga 2223"]
[Site "Mecklenburg VP"]
[Date "2023.04.23"]
[Round "8.6"]
[White "Roeder, Phillip"]
[Black "Roeste, Stein"]
[Result "1-0"]
[WhiteElo "2011"]
[BlackElo "1731"]
[PlyCount "53"]
[EventDate "2022.10.23"]
[EventType "team-tourn"]
[EventRounds "9"]
[EventCountry "GER"]
[SourceTitle "EXT 2024"]
[Source "ChessBase"]
[SourceDate "2023.10.10"]
[SourceVersion "1"]
[SourceVersionDate "2023.10.10"]
[SourceQuality "1"]
[WhiteTeam "Wismar ASV Gruen-Weiss"]
[BlackTeam "Makkabi Rostock"]
[WhiteTeamCountry "GER"]
[BlackTeamCountry "GER"]

1. Nc3 Nf6 2. e4 e5 3. f4 Bb4 4. fxe5 Bxc3 5. bxc3 Nxe4 6. Qg4 Ng5 7. h4 Ne6 8. d4 h5 9. Qg3 d5 10. exd6 Qxd6 11. Qf3 c6 12. Bc4 Nd7 13. Nh3 Nf6 14. 0-0 Bd7 15. Ng5 0-0 16. Qd3 Nxg5 17. hxg5 Ng4 18. Bf4 Qa3 19. Qg3 Qa5 20. Bd6 Qxg5 21. Bxf8 Rxf8 22. Qf4 Qg6 23. Rae1 Nf6 24. Re5 Qxc2 25. Rg5 Kh7 26. Qg3 Bg4 27. Bd3+ 1-0

[Event "GER-ch Net blitz qual3"]
[Site "Playchess.com INT"]
[Date "2021.05.07"]
[Round "7"]
[White "Fleischmann, Theo"]
[Black "Roeder, Phillip"]
[Result "0-1"]
[WhiteElo "1537"]
[BlackElo "1715"]
[PlyCount "136"]
[EventDate "2021.05.07"]
[EventType "swiss (blitz)"]
[EventRounds "11"]
[EventCountry "GER"]
[SourceTitle "CBM 202 Extra"]
[Source "ChessBase"]
[SourceDate "2021.07.31"]
[SourceVersion "1"]
[SourceVersionDate "2021.07.31"]
[SourceQuality "1"]

1. d4 Nf6 2. c4 c5 3. d5 b5 4. cxb5 a6 5. bxa6 Bxa6 6. Nc3 d6 7. Nf3 g6 8. e4 Bxf1 9. Kxf1 Bg7 10. g3 0-0 11. Kg2 Qb6 12. Re1 Ne8 13. Qc2 Nd7 14. Be3 Nc7 15. Reb1 Rfb8 16. b3 Qb4 17. Bd2 Ne5 18. a4 Nxf3 19. Kxf3 Qd4 20. Ra2 Na6 21. Nb5 Qf6+ 22. Kg2 Nb4 23. Bxb4 cxb4 24. Qc4 Qe5 25. Qxb4 f5 26. f3 Rf8 27. a5 Rfb8 28. a6 e6 29. Rc1 exd5 30. exd5 Qxd5 31. Qc4 Qxc4 32. bxc4 Rb6 33. Nc7 Ra7 34. Ne6 Rbxa6 35. Rxa6 Rxa6 36. Nxg7 Ra2+ 37. Kh3 Kxg7 38. Rd1 Ra6 39. g4 fxg4+ 40. Kxg4 Rc6 41. f4 Kf6 42. h4 h5+ 43. Kf3 Ke6 44. Rg1 Kf6 45. Ke3 Rxc4 46. Rg5 Rc3+ 47. Kd4 Rh3 48. Kd5 Rxh4 49. Kxd6 Rxf4 50. Ra5 Rf5 51. Ra4 Kg5 52. Ke6 h4 53. Rb4 h3 54. Rb8 Kg4 55. Rh8 Rh5 56. Rg8 g5 57. Kf6 h2 58. Ra8 h1Q 59. Ra4+ Kf3 60. Ra3+ Ke4 61. Ra4+ Kd5 62. Ra5+ Kc6 63. Ra6+ Kb7 64. Re6 Qf3+ 65. Ke5 g4+ 66. Kd6 Qc6+ 67. Ke7 Rh7+ 68. Kd8 Qd7# 0-1

[Event "GER-ch Net blitz qual3"]
[Site "Playchess.com INT"]
[Date "2021.05.07"]
[Round "2"]
[White "Neusuess, Willi"]
[Black "Roeder, Phillip"]
[Result "0-1"]
[WhiteElo "1414"]
[BlackElo "1715"]
[PlyCount "70"]
[EventDate "2021.05.07"]
[EventType "swiss (blitz)"]
[EventRounds "11"]
[EventCountry "GER"]
[SourceTitle "CBM 202 Extra"]
[Source "ChessBase"]
[SourceDate "2021.07.31"]
[SourceVersion "1"]
[SourceVersionDate "2021.07.31"]
[SourceQuality "1"]

1. d4 Nf6 2. c3 d5 3. e3 c6 4. f4 Bf5 5. Nf3 e6 6. Be2 h6 7. 0-0 Be7 8. Ne5 0-0 9. Nd2 Nbd7 10. Bf3 c5 11. Qe2 Rc8 12. e4 dxe4 13. Nxe4 cxd4 14. c4 Qc7 15. b3 Nxe5 16. fxe5 Qxe5 17. Bd2 Nxe4 18. Bxe4 Qxe4 19. Qxe4 Bxe4 20. Rf4 f5 21. h3 Bg5 22. Rf2 Bxd2 23. Rxd2 d3 24. Rf1 b5 25. Rc1 bxc4 26. bxc4 Rc5 27. Rc3 Rfc8 28. Rd1 Rxc4 29. Kf2 Rxc3 30. Ke3 Rc2 31. Kf4 R8c5 32. Kg3 Rxg2+ 33. Kh4 g5+ 34. Kh5 Kg7 35. Rh1 Bf3# 0-1

[Event "GER-ch Net blitz qual3"]
[Site "Playchess.com INT"]
[Date "2021.05.07"]
[Round "8"]
[White "Roeder, Phillip"]
[Black "Braun, Ingram H"]
[Result "0-1"]
[WhiteElo "1715"]
[BlackElo "1968"]
[PlyCount "98"]
[EventDate "2021.05.07"]
[EventType "swiss (blitz)"]
[EventRounds "11"]
[EventCountry "GER"]
[SourceTitle "CBM 202 Extra"]
[Source "ChessBase"]
[SourceDate "2021.07.31"]
[SourceVersion "1"]
[SourceVersionDate "2021.07.31"]
[SourceQuality "1"]

1. Nc3 c5 2. Nf3 e6 3. d4 cxd4 4. Nxd4 d5 5. Bf4 Nc6 6. Ndb5 e5 7. Nxd5 exf4 8. Nbc7+ Kd7 9. Nxa8 Bd6 10. c4 Nge7 11. c5 Qa5+ 12. Nc3 Qxc5 13. Rc1 Rd8 14. g3 Ke8 15. Qc2 Bf5 16. Qb3 Rxa8 17. Bg2 Rd8 18. 0-0 fxg3 19. hxg3 Qb6 20. Qxb6 axb6 21. e4 Be6 22. Nb5 Bc5 23. a3 Nd4 24. Nc7+ Kf8 25. Nxe6+ fxe6 26. Rfe1 Nec6 27. Kf1 Nb3 28. Rc3 Ncd4 29. Rd1 e5 30. f4 Re8 31. f5 Ke7 32. g4 h6 33. Rh3 Ra8 34. Ke1 Kf6 35. Bf1 Nc2+ 36. Ke2 Ncd4+ 37. Ke1 Nc2+ 38. Ke2 Nbd4+ 39. Kd2 b5 40. Kc1 b4 41. Rhd3 bxa3 42. bxa3 Bxa3+ 43. Kd2 Bb4+ 44. Kc1 Ra1+ 45. Kb2 Ra6 46. Rc1 Ba3+ 47. Kc3 Bxc1 48. Kc4 Rc6+ 49. Kd5 Nb4# 0-1

[Event "GER-ch Net blitz qual3"]
[Site "Playchess.com INT"]
[Date "2021.05.07"]
[Round "1"]
[White "Roeder, Phillip"]
[Black "Heinrich, Thomas"]
[Result "0-1"]
[WhiteElo "1715"]
[BlackElo "2068"]
[PlyCount "54"]
[EventDate "2021.05.07"]
[EventType "swiss (blitz)"]
[EventRounds "11"]
[EventCountry "GER"]
[SourceTitle "CBM 202 Extra"]
[Source "ChessBase"]
[SourceDate "2021.07.31"]
[SourceVersion "1"]
[SourceVersionDate "2021.07.31"]
[SourceQuality "1"]

1. Nc3 Nf6 2. e4 d5 3. e5 Ne4 4. d3 Nxc3 5. bxc3 c5 6. d4 Nc6 7. f4 Qb6 8. Be3 Bf5 9. Bd3 Bxd3 10. Qxd3 e6 11. Nf3 cxd4 12. cxd4 Nb4 13. Qb3 Qa6 14. Bd2 Nc6 15. Rb1 b6 16. Qb5 Qxb5 17. Rxb5 Be7 18. a4 Kd7 19. a5 bxa5 20. Bxa5 Rhb8 21. Rxb8 Rxb8 22. Bd2 Rb1+ 23. Ke2 Rxh1 24. Be1 a5 25. h3 a4 26. Nd2 Nxd4+ 27. Kf2 Nxc2 0-1

[Event "GER-ch Net blitz qual3"]
[Site "Playchess.com INT"]
[Date "2021.05.07"]
[Round "3"]
[White "Roeder, Phillip"]
[Black "Palme, Holger"]
[Result "0-1"]
[WhiteElo "1715"]
[BlackElo "1873"]
[PlyCount "50"]
[EventDate "2021.05.07"]
[EventType "swiss (blitz)"]
[EventRounds "11"]
[EventCountry "GER"]
[SourceTitle "CBM 202 Extra"]
[Source "ChessBase"]
[SourceDate "2021.07.31"]
[SourceVersion "1"]
[SourceVersionDate "2021.07.31"]
[SourceQuality "1"]

1. Nc3 d5 2. e4 dxe4 3. Nxe4 Bf5 4. Ng3 Bg6 5. h4 h5 6. Nf3 Nd7 7. d4 e6 8. Bd3 Bxd3 9. Qxd3 g6 10. Bg5 Ne7 11. Ne4 Bg7 12. Qd2 a5 13. a4 Ra6 14. c3 Qc8 15. Qf4 Nf5 16. g4 hxg4 17. Qxg4 Rb6 18. 0-0-0 c5 19. dxc5 Nxc5 20. Nxc5 Qxc5 21. Bd2 Rb4 22. Qg2 Rxa4 23. Kb1 Qc4 24. Ng5 Qd3+ 25. Kc1 Ra1# 0-1

[Event "GER-ch Net blitz qual3"]
[Site "Playchess.com INT"]
[Date "2021.05.07"]
[Round "6"]
[White "Roeder, Phillip"]
[Black "Stangl, Anita"]
[Result "0-1"]
[WhiteElo "1715"]
[BlackElo "1907"]
[PlyCount "80"]
[EventDate "2021.05.07"]
[EventType "swiss (blitz)"]
[EventRounds "11"]
[EventCountry "GER"]
[SourceTitle "CBM 202 Extra"]
[Source "ChessBase"]
[SourceDate "2021.07.31"]
[SourceVersion "1"]
[SourceVersionDate "2021.07.31"]
[SourceQuality "1"]

1. b3 e6 2. e4 d5 3. e5 c5 4. f4 Nc6 5. Nf3 f6 6. exf6 Nxf6 7. Bb5 Bd6 8. d4 0-0 9. Bxc6 bxc6 10. Be3 cxd4 11. Nxd4 c5 12. Nf3 d4 13. Bd2 Ne4 14. g3 Bb7 15. Qe2 Qf6 16. 0-0 d3 17. cxd3 Nxd2 18. Nbxd2 Rae8 19. Ne4 Qd8 20. Nxd6 Qxd6 21. Nd2 Qd4+ 22. Rf2 Rf6 23. Ne4 Rh6 24. Re1 Ba6 25. Qe3 Rd8 26. Qxd4 cxd4 27. Rd2 Rc8 28. Ree2 Rc1+ 29. Kf2 Rxh2+ 30. Kf3 Rf1+ 31. Kg4 Rxe2 32. Rxe2 Bxd3 33. Rf2 Re1 34. Nc5 Bf5+ 35. Kf3 Re3+ 36. Kg2 Rc3 37. Nd7 d3 38. Ne5 Be4+ 39. Kh2 Rc1 40. Rd2 Rh1# 0-1

[Event "GER-ch Net blitz qual2"]
[Site "Playchess.com INT"]
[Date "2021.05.04"]
[Round "2"]
[White "Heinrich, Thomas"]
[Black "Roeder, Phillip"]
[Result "1-0"]
[WhiteElo "2057"]
[BlackElo "1796"]
[PlyCount "29"]
[EventDate "2021.05.04"]
[EventType "swiss (blitz)"]
[EventRounds "11"]
[EventCountry "GER"]
[SourceTitle "CBM 202 Extra"]
[Source "ChessBase"]
[SourceDate "2021.07.31"]
[SourceVersion "1"]
[SourceVersionDate "2021.07.31"]
[SourceQuality "1"]

1. d4 Nf6 2. Nf3 d5 3. Bf4 Bf5 4. e3 e6 5. c4 c6 6. Nc3 Bd6 7. Bg5 h6 8. Bh4 Nbd7 9. Qb3 Qb6 10. c5 Qxb3 11. axb3 Be7 12. b4 0-0 13. Be2 a6 14. 0-0 Ne4 15. Bxe7 1-0

[Event "GER-ch Net blitz qual2"]
[Site "Playchess.com INT"]
[Date "2021.05.04"]
[Round "5"]
[White "Roeder, Phillip"]
[Black "Wesener, Lorenz"]
[Result "0-1"]
[WhiteElo "1796"]
[BlackElo "1571"]
[PlyCount "90"]
[EventDate "2021.05.04"]
[EventType "swiss (blitz)"]
[EventRounds "11"]
[EventCountry "GER"]
[SourceTitle "CBM 202 Extra"]
[Source "ChessBase"]
[SourceDate "2021.07.31"]
[SourceVersion "1"]
[SourceVersionDate "2021.07.31"]
[SourceQuality "1"]

1. Nc3 e5 2. e4 Nf6 3. f4 exf4 4. e5 Ng8 5. Nf3 g5 6. h4 g4 7. Ng5 h5 8. d4 f6 9. exf6 Nxf6 10. Bd3 Qe7+ 11. Kf2 g3+ 12. Kf3 d6 13. Re1 Bg4+ 14. Kxf4 Bxd1 15. Bg6+ Kd7 16. Rxe7+ Kxe7 17. Nxd1 Nd5+ 18. Kxg3 Nc6 19. a3 Bg7 20. c3 Raf8 21. Be4 Nf6 22. Bf3 Kd7 23. Bf4 Kc8 24. Ne3 Bh6 25. Nf5 Bxg5 26. Bxg5 Rhg8 27. Kf2 Ng4+ 28. Bxg4 hxg4 29. Kg3 Rxf5 30. Kxg4 Rf2 31. h5 Rxg2+ 32. Kf4 R2xg5 33. Rh1 R5g7 34. h6 Rh7 35. Kf5 Kd7 36. Kf6 Nd8 37. Kf5 Ne6 38. d5 Nc5 39. b4 Nd3 40. Rh3 Nf2 41. Rf3 Rf8+ 42. Kg6 Rxf3 43. Kxh7 Ng4 44. Kg7 Nxh6 45. Kxh6 Rg3 0-1

[Event "GER-ch Net blitz qual1"]
[Site "Playchess.com INT"]
[Date "2021.04.24"]
[Round "7"]
[White "Palme, Holger"]
[Black "Roeder, Phillip"]
[Result "0-1"]
[WhiteElo "1882"]
[BlackElo "1712"]
[PlyCount "82"]
[EventDate "2021.04.24"]
[EventType "swiss (blitz)"]
[EventRounds "11"]
[EventCountry "GER"]
[SourceTitle "CBM 202 Extra"]
[Source "ChessBase"]
[SourceDate "2021.07.31"]
[SourceVersion "1"]
[SourceVersionDate "2021.07.31"]
[SourceQuality "1"]

1. Nf3 Nf6 2. d4 d5 3. Bg5 Bf5 4. e3 e6 5. c4 c6 6. Nc3 Be7 7. Be2 0-0 8. 0-0 h6 9. Bh4 Nbd7 10. Rc1 dxc4 11. Bxc4 Nb6 12. Bb3 Nfd5 13. Bg3 Bd6 14. Re1 Bxg3 15. hxg3 Nxc3 16. bxc3 Be4 17. Qe2 Nd5 18. c4 Nb4 19. Ne5 f6 20. Nf3 Nd3 21. c5 Nxe1 22. Bxe6+ Kh8 23. Nxe1 Bd5 24. Bf5 Qa5 25. Bb1 f5 26. f3 b5 27. Qc2 Bc4 28. Kf2 Rae8 29. g4 g6 30. gxf5 gxf5 31. g4 Qc7 32. f4 Be6 33. Ng2 Qg7 34. Rh1 Qxg4 35. Rxh6+ Kg7 36. Rh4 Qg6 37. Rh3 Kf6 38. Qe2 Rg8 39. Qf3 Bd5 40. Qg3 Bxg2 41. Qxg6+ Rxg6 0-1

[Event "GER-ch Net blitz qual1"]
[Site "Playchess.com INT"]
[Date "2021.04.24"]
[Round "10"]
[White "Roeder, Phillip"]
[Black "Lerch, Martin Erik"]
[Result "0-1"]
[WhiteElo "1712"]
[BlackElo "1874"]
[PlyCount "48"]
[EventDate "2021.04.24"]
[EventType "swiss (blitz)"]
[EventRounds "11"]
[EventCountry "GER"]
[SourceTitle "CBM 202 Extra"]
[Source "ChessBase"]
[SourceDate "2021.07.31"]
[SourceVersion "1"]
[SourceVersionDate "2021.07.31"]
[SourceQuality "1"]

1. Nc3 e6 2. e4 d5 3. d4 Bb4 4. Nge2 Nf6 5. a3 Be7 6. e5 Nfd7 7. f4 c5 8. Be3 Nc6 9. Qd2 cxd4 10. Nxd4 Nxd4 11. Bxd4 0-0 12. Bd3 Nc5 13. Qf2 Nxd3+ 14. cxd3 f6 15. exf6 Bxf6 16. Bxa7 d4 17. Bxd4 Bxd4 18. Qg3 e5 19. Ne2 exf4 20. Nxf4 Qe7+ 21. Ne2 Bf2+ 22. Qxf2 Rxf2 23. Kxf2 Bg4 24. Rhe1 Rf8+ 0-1

[Event "GER-ch Net blitz qual1"]
[Site "Playchess.com INT"]
[Date "2021.04.24"]
[Round "5"]
[White "Roeder, Phillip"]
[Black "Perestjuk, Marko"]
[Result "0-1"]
[WhiteElo "1712"]
[BlackElo "2017"]
[PlyCount "78"]
[EventDate "2021.04.24"]
[EventType "swiss (blitz)"]
[EventRounds "11"]
[EventCountry "GER"]
[SourceTitle "CBM 202 Extra"]
[Source "ChessBase"]
[SourceDate "2021.07.31"]
[SourceVersion "1"]
[SourceVersionDate "2021.07.31"]
[SourceQuality "1"]

1. Nc3 e5 2. e4 Bc5 3. Qg4 Qf6 4. Nf3 Ne7 5. Bc4 d5 6. Qg5 dxc4 7. Qxf6 gxf6 8. Nb5 Bb6 9. a4 a6 10. Nc3 Nbc6 11. Nd5 Nxd5 12. exd5 Nd4 13. Nxd4 Bxd4 14. Ke2 Bf5 15. d3 cxd3+ 16. cxd3 Rd8 17. Bh6 Rg8 18. g3 Rxd5 19. Rac1 c6 20. b4 Bb2 21. Rcd1 Bc3 22. b5 cxb5 23. axb5 Rxb5 24. f3 Rb2+ 25. Kf1 Ke7 26. Bc1 Rc2 27. g4 Bg6 28. h4 Rd8 29. d4 Bxd4 30. h5 Bd3+ 31. Rxd3 Rxc1+ 32. Kg2 Rxh1 33. Kxh1 b5 34. Ra3 Ra8 35. Kg2 a5 36. Kg3 b4 37. Rb3 Bc3 38. f4 a4 39. Rb1 a3 0-1

[Event "Mecklenburg VP Verbandsliga 1920"]
[Site "Mecklenburg VP"]
[Date "2020.01.19"]
[Round "5.1"]
[White "Schmekel, Florian"]
[Black "Roeder, Phillip"]
[Result "1/2-1/2"]
[WhiteElo "2102"]
[BlackElo "2011"]
[PlyCount "34"]
[EventDate "2019.09.29"]
[EventType "team-tourn"]
[EventRounds "9"]
[EventCountry "GER"]
[SourceTitle "EXT 2023"]
[Source "ChessBase"]
[SourceDate "2022.10.05"]
[SourceVersion "1"]
[SourceVersionDate "2022.10.05"]
[SourceQuality "1"]
[WhiteTeam "Torgelow"]
[BlackTeam "Wismar ASV Gruen-Weiss"]
[WhiteTeamCountry "GER"]
[BlackTeamCountry "GER"]

1. d4 Nf6 2. c4 c5 3. d5 b5 4. cxb5 a6 5. bxa6 Bxa6 6. Nc3 d6 7. e4 Bxf1 8. Kxf1 g6 9. Nf3 Nbd7 10. h3 Bg7 11. g3 0-0 12. Kg2 Qb6 13. Qc2 Rab8 14. a4 Qb3 15. Qxb3 Rxb3 16. Nd2 Rb4 17. f4 Ne8 1/2-1/2

[Event "Mecklenburg VP VL 1718"]
[Site "Mecklenburg VP"]
[Date "2018.01.21"]
[Round "5.4"]
[White "Roeder, Phillip"]
[Black "Dettmann, Holger"]
[Result "0-1"]
[WhiteElo "1924"]
[BlackElo "1915"]
[PlyCount "122"]
[EventDate "2017.10.08"]
[EventType "team-tourn"]
[EventRounds "9"]
[EventCountry "GER"]
[SourceTitle "EXT 2022"]
[Source "ChessBase"]
[SourceDate "2021.10.06"]
[SourceVersion "1"]
[SourceVersionDate "2021.10.06"]
[SourceQuality "1"]
[WhiteTeam "Wismar ASV Gruen-Weiss"]
[BlackTeam "Guestrow/Teterow"]
[WhiteTeamCountry "GE2"]
[BlackTeamCountry "GER"]

1. Nc3 d5 2. e4 dxe4 3. Nxe4 Nf6 4. Nxf6+ exf6 5. Bc4 Bd6 6. Qh5 0-0 7. d4 Bb4+ 8. Kf1 Qxd4 9. Bd3 g6 10. Qf3 Nc6 11. Ne2 Qd8 12. Qg3 Bd6 13. Bf4 Ne5 14. Be4 Nc4 15. Qb3 Bxf4 16. Qxc4 Be5 17. Qb5 c6 18. Qb3 Qb6 19. Qxb6 axb6 20. c3 Be6 21. f4 Bc7 22. a3 Bc4 23. g3 Rad8 24. b3 Bxe2+ 25. Kxe2 Rfe8 26. Kf3 f5 27. Bc2 Rd2 28. Bd1 b5 29. g4 Bb6 30. Kg3 Re3+ 31. Bf3 fxg4 32. Kxg4 h5+ 33. Kg3 Rdd3 34. Rhf1 Rxc3 35. h4 Rxb3 36. a4 b4 37. a5 Bd4 38. Rad1 c5 39. Rf2 Ra3 40. Kg2 Kg7 41. Rff1 Kf6 42. Rd2 Ke7 43. Bxb7 Rg3+ 44. Kh1 Rxa5 45. Bd5 Raa3 46. Re2+ Kf6 47. Rg2 Rxg2 48. Kxg2 Rc3 49. f5 g5 50. hxg5+ Kxg5 51. Bxf7 h4 52. Be6 c4 53. f6 Bxf6 54. Rf5+ Kg6 55. Rf4 b3 56. Rxc4 h3+ 57. Kf2 h2 58. Rxc3 h1Q 59. Rg3+ Kh5 60. Bg4+ Kh4 61. Bf3 Bd4+ 0-1

[Event "Mecklenburg VP LL 1617"]
[Site "Mecklenburg VP"]
[Date "2017.02.26"]
[Round "6.8"]
[White "Roeder, Phillip"]
[Black "Klippel, Jan"]
[Result "1-0"]
[WhiteElo "1847"]
[BlackElo "2049"]
[PlyCount "83"]
[EventDate "2016.10.16"]
[EventType "team-tourn"]
[EventRounds "9"]
[EventCountry "GER"]
[SourceTitle "EXT 2022"]
[Source "ChessBase"]
[SourceDate "2021.10.06"]
[SourceVersion "1"]
[SourceVersionDate "2021.10.06"]
[SourceQuality "1"]
[WhiteTeam "Wismar ASV Gruen-Weiss"]
[BlackTeam "Rostock SSC 07 II"]
[WhiteTeamCountry "GER"]
[BlackTeamCountry "GER"]

1. Nc3 d5 2. e4 c6 3. Qf3 dxe4 4. Nxe4 Nd7 5. d4 Ngf6 6. Bc4 e6 7. c3 Nxe4 8. Qxe4 Nf6 9. Qe2 Qc7 10. Bg5 Be7 11. Nf3 0-0 12. 0-0 Rd8 13. Ne5 Bd7 14. Rad1 Be8 15. Rfe1 c5 16. Nf3 Rac8 17. Bd3 a6 18. dxc5 Qxc5 19. Bxf6 Bxf6 20. Qe4 g6 21. Qxb7 Rb8 22. Qxa6 Rxb2 23. Nd4 Qxc3 24. Ne2 Qc5 25. Qc4 Qa5 26. Nc1 Ba4 27. Nb3 Qb6 28. Bc2 Rxa2 29. Rxd8+ Bxd8 30. Nd4 Qa5 31. Rd1 Bd7 32. Nb3 Qa7 33. Nc5 Bb6 34. Nxd7 Bxf2+ 35. Kh1 Ra1 36. Qf1 Bd4 37. Rxa1 Bxa1 38. Qb5 Kg7 39. h3 Qf2 40. Qb8 Qe1+ 41. Kh2 Bd4 42. Qf8# 1-0

[Event "Mecklenburg VP VL 1516"]
[Site "Mecklenburg VP"]
[Date "2015.11.15"]
[Round "3.7"]
[White "Hanisch, Sebastian"]
[Black "Roeder, Phillip"]
[Result "1/2-1/2"]
[WhiteElo "1988"]
[BlackElo "1839"]
[PlyCount "46"]
[EventDate "2015.09.20"]
[EventType "team-tourn"]
[EventRounds "9"]
[EventCountry "GER"]
[SourceTitle "EXT 2022"]
[Source "ChessBase"]
[SourceDate "2021.10.06"]
[SourceVersion "1"]
[SourceVersionDate "2021.10.06"]
[SourceQuality "1"]
[WhiteTeam "Schwerin SF III"]
[BlackTeam "Wismar ASV Gruen-Weiss"]
[WhiteTeamCountry "GER"]
[BlackTeamCountry "GER"]

1. d4 Nf6 2. Nf3 d5 3. Bf4 Bf5 4. e3 c6 5. Bd3 Bxd3 6. Qxd3 Qa5+ 7. Nbd2 Qa6 8. Ne5 Qxd3 9. Nxd3 Nh5 10. Bg5 h6 11. Bh4 g5 12. Bg3 Nd7 13. c4 e6 14. Ke2 Nxg3+ 15. hxg3 Bg7 16. Rac1 Ke7 17. cxd5 exd5 18. Rc2 Kd6 19. Rhc1 Rhe8 20. Nb3 a5 21. Kf3 Rec8 22. Nbc5 Nxc5 23. Nxc5 b6 1/2-1/2

[Event "Mecklenburg VP VL 1415"]
[Site "Mecklenburg VP"]
[Date "2015.03.15"]
[Round "7.7"]
[White "Roeder, Phillip"]
[Black "Ebert, Lutz"]
[Result "1/2-1/2"]
[WhiteElo "1860"]
[BlackElo "1736"]
[PlyCount "40"]
[EventDate "2014.09.21"]
[EventType "team-tourn"]
[EventRounds "9"]
[EventCountry "GER"]
[SourceTitle "EXT 2022"]
[Source "ChessBase"]
[SourceDate "2021.10.06"]
[SourceVersion "1"]
[SourceVersionDate "2021.10.06"]
[SourceQuality "1"]
[WhiteTeam "Wismar ASV Gruen-Weiss"]
[BlackTeam "Guestrow/Teterow"]
[WhiteTeamCountry "GER"]
[BlackTeamCountry "GER"]

1. Nc3 c5 2. Nf3 Nc6 3. d4 cxd4 4. Nxd4 g6 5. g3 Bg7 6. Nb3 a6 7. a4 e6 8. e4 Nge7 9. Bg2 0-0 10. f4 b6 11. 0-0 Bb7 12. e5 Qc7 13. Ne4 Nb4 14. c3 Bxe4 15. Bxe4 Nbc6 16. Qd3 Rfd8 17. Rd1 Bf8 18. Qf3 d5 19. exd6 Rxd6 20. Rxd6 Qxd6 1/2-1/2

[Event "Mecklenburg VP VL 1213"]
[Site "Mecklenburg VP"]
[Date "2012.11.11"]
[Round "2.7"]
[White "Roeder, Phillip"]
[Black "Jabbusch, Burkhard"]
[Result "1/2-1/2"]
[WhiteElo "1840"]
[BlackElo "1871"]
[PlyCount "103"]
[EventDate "2012.10.14"]
[EventType "team-tourn"]
[EventRounds "9"]
[EventCountry "GER"]
[SourceTitle "EXT 2022"]
[Source "ChessBase"]
[SourceDate "2021.10.06"]
[SourceVersion "1"]
[SourceVersionDate "2021.10.06"]
[SourceQuality "1"]
[WhiteTeam "Wismar ASV Gruen-Weiss"]
[BlackTeam "Stralsund FHSG"]
[WhiteTeamCountry "GER"]
[BlackTeamCountry "GER"]

1. Nc3 f5 2. e4 fxe4 3. Nxe4 Nf6 4. Nxf6+ exf6 5. Bc4 c6 6. d4 d5 7. Bd3 Be6 8. Ne2 Qd7 9. Nf4 Bf7 10. 0-0 Be7 11. Re1 0-0 12. c3 Bd6 13. Qc2 g6 14. g3 c5 15. dxc5 Bxc5 16. Bf1 Nc6 17. Bh3 f5 18. Nd3 Bb6 19. Bh6 Rfe8 20. Qa4 Re4 21. Rxe4 dxe4 22. Nb4 Ne5 23. Qxd7 Nxd7 24. Bf1 Ne5 25. Be2 Rd8 26. b3 a5 27. Nc2 Nd3 28. Ne3 Be6 29. Rd1 Kf7 30. h4 Bc7 31. Ng2 Ne5 32. Rxd8 Bxd8 33. Bf4 Nc6 34. Bb5 Bf6 35. Bxc6 bxc6 36. Bd2 a4 37. bxa4 Bxa2 38. Ne3 Bd8 39. Nd1 Bb3 40. Nb2 Ba5 41. Kf1 c5 42. Ke2 c4 43. Ke3 h6 44. f3 exf3 45. Kxf3 g5 46. hxg5 hxg5 47. Bxg5 Bxc3 48. Bc1 Ke6 49. g4 fxg4+ 50. Kxg4 Kd5 51. Kf3 Ba5 52. Nxc4 1/2-1/2

[Event "Mecklenburg VP VL 1112"]
[Site "Mecklenburg VP"]
[Date "2011.11.20"]
[Round "3.4"]
[White "Roeder, Phillip"]
[Black "Lotz, Robert"]
[Result "1-0"]
[WhiteElo "1888"]
[BlackElo "1773"]
[PlyCount "43"]
[EventDate "2011.10.02"]
[EventType "team-tourn"]
[EventRounds "9"]
[EventCountry "GER"]
[SourceTitle "EXT 2022"]
[Source "ChessBase"]
[SourceDate "2021.10.06"]
[SourceVersion "1"]
[SourceVersionDate "2021.10.06"]
[SourceQuality "1"]
[WhiteTeam "Wismar ASV Gruen-Weiss"]
[BlackTeam "Waren ESV"]
[WhiteTeamCountry "GER"]
[BlackTeamCountry "GER"]

1. Nc3 g6 2. e4 d6 3. d4 Bg7 4. Be2 Nf6 5. g4 h6 6. Be3 d5 7. f3 c6 8. e5 Nh7 9. h4 f6 10. f4 f5 11. Bd3 0-0 12. h5 Qe8 13. g5 Na6 14. gxh6 Bxh6 15. hxg6 Qxg6 16. Qf3 Kh8 17. Qh3 Bg7 18. Nf3 Kg8 19. 0-0-0 Nf6 20. exf6 Rxf6 21. Rdg1 Qf7 22. Ne5 1-0

[Event "Mecklenburg VP VL 1112"]
[Site "Mecklenburg VP"]
[Date "2011.10.02"]
[Round "1.5"]
[White "Giese, Lothar"]
[Black "Roeder, Phillip"]
[Result "1-0"]
[WhiteElo "1853"]
[BlackElo "1888"]
[PlyCount "53"]
[EventDate "2011.10.02"]
[EventType "team-tourn"]
[EventRounds "9"]
[EventCountry "GER"]
[SourceTitle "EXT 2022"]
[Source "ChessBase"]
[SourceDate "2021.10.06"]
[SourceVersion "1"]
[SourceVersionDate "2021.10.06"]
[SourceQuality "1"]
[WhiteTeam "Stralsund FHSG"]
[BlackTeam "Wismar ASV Gruen-Weiss"]
[WhiteTeamCountry "GER"]
[BlackTeamCountry "GER"]

1. c4 c6 2. d4 d5 3. e3 Nf6 4. Nc3 dxc4 5. Bxc4 e6 6. Nf3 Nbd7 7. Qc2 Nb6 8. Bd3 Nbd5 9. a3 Nxc3 10. bxc3 Be7 11. 0-0 h6 12. Ne5 0-0 13. a4 c5 14. Rb1 Nd7 15. f4 Nxe5 16. fxe5 Qc7 17. Rf3 b6 18. Be4 Bb7 19. Bd2 Bc6 20. Rbf1 Bxe4 21. Qxe4 Rac8 22. Rg3 Qd8 23. Qg4 g5 24. Qh5 Kg7 25. Rh3 f5 26. Qxh6+ Kf7 27. Qh5+ 1-0

[Event "Mecklenburg VP LL 0910"]
[Site "Mecklenburg VP"]
[Date "2009.12.13"]
[Round "4.7"]
[White "Weber, Max"]
[Black "Roeder, Phillip"]
[Result "1-0"]
[WhiteElo "1784"]
[BlackElo "1867"]
[PlyCount "47"]
[EventDate "2009.10.18"]
[EventType "team-tourn"]
[EventRounds "9"]
[EventCountry "GER"]
[SourceTitle "EXT 2016"]
[Source "ChessBase"]
[SourceDate "2015.10.08"]
[SourceVersion "1"]
[SourceVersionDate "2015.10.08"]
[SourceQuality "1"]
[WhiteTeam "Rostock SSC 07 II"]
[BlackTeam "Wismar ASV Gruen-Weiss"]
[WhiteTeamCountry "GER"]
[BlackTeamCountry "GER"]

1. d4 Nf6 2. c4 c5 3. d5 b5 4. cxb5 a6 5. bxa6 Bxa6 6. Nc3 d6 7. Nf3 g6 8. g3 Bg7 9. Bg2 0-0 10. 0-0 Nbd7 11. Qc2 Nb6 12. Rd1 Qc7 13. e4 Nfd7 14. b3 Rfb8 15. Bb2 Nc8 16. Na4 c4 17. Bxg7 Kxg7 18. Bf1 Ncb6 19. Nxb6 Nxb6 20. bxc4 Bxc4 21. Nd2 Rc8 22. Rdc1 Ra4 23. Nxc4 f6 24. Nxb6 1-0